| 000 | 00673cam a2200193 i 4500 | ||
|---|---|---|---|
| 005 | 20251120121603.0 | ||
| 008 | 250721s2002 jo gr 000 0 ara d | ||
| 020 | _a995742324x | ||
| 082 | 1 | 4 |
_a211.18 _bح ل و |
| 100 | 1 |
_aالحلو، خالد _eمؤلف. |
|
| 245 | 1 | 0 |
_aأتى أمر الله فلا تستعجلوه : _bمن بابل إلى بيت المقدس / _cتأليف الدكتور خالد الحلو. |
| 264 | 3 | 1 |
_aعمان : _bدار عالم الثقافة، _c2002. |
| 300 | _a303 صفحة. | ||
| 650 | 1 | 7 | _aالقرآن الكريم. |
| 650 | 1 | 7 | _aالتفسير. |
| 650 | 1 | 7 | _aالآيات. |
| 942 |
_2ddc _cBK |
||
| 999 |
_c103205 _d103205 |
||